000 00817nam a2200253Ia 4500
003 OSt
005 20220918171357.0
006 a|||||r|||| 00| 0
007 ta
008 220917b |||||||| |||| 00| 0 eng d
020 _a9781586486631 (hbk)
_c1332.22
024 _a255,806
037 _b10317, 07/10/2011, Elite Publishers Distributors
_cTextual
040 _aARTS
_cARTS
_beng
041 _2eng
_aeng
082 _aY7:(G:66).6, Q1
100 _aMeredith Martin
_936178
245 0 _aBorn in Africa
_b The quest for the origins of human life
260 _aNew York
_bBBS Public Affairs USA
_c2011
300 _axxiv, 230p.
_ccm.
650 _aSOCIOLOGY
942 _hY7:(G:66).6, Q1
_cTEXL
_2CC
999 _c139279
_d139279